Φορτώνει......

Graduate School of Oce

Λεπτομέρειες βιβλιογραφικής εγγραφής
Γλώσσα:English
LEADER 00198nam a22000857a 4500
005 20151028162549.0
008 101021t xxu||||| |||| 00| 0 eng d
245 |a Graduate School of Oce 
942 |c BK  |6 _ 
999 |c 82298  |d 82298